00779nam a2200229Ia 4500003000900000008004100009020001800050040001600068080002300084100002400107245009000131260003500221300001500256490003700271650004100308650002400349650002500373650001800398942000700416999001500423952011100438IN-BaIIA211028s9999 xx 000 0 eng d a0-444-86645-0 cIIA Library a533.9(035)bBAS-II aGaleev, A. A.96011 0aBasic plasma physics IIcA. A. Galeev  aAmsterdambNorth-Hollandc1984 axiv, 850p. aHandbook of plasma physics; v. 2 aAstronomy and astrophysics thesaurus aIonized gases91896 aPlasma physics93732 aPlasmas91898 cBK c8092d8092 00104070aBANbBANcGENd1985-02-08l0o533.9(035)/ BAS-IIp8927r2021-11-05w1985-02-08yBKGDFL 495.00